| 000 | 00512nam a2200157 a 4500 | ||
|---|---|---|---|
| 005 | 20210219153235.0 | ||
| 008 | 991125n 000 0 spa u | ||
| 035 | _aUPN01000085248 | ||
| 100 | _aFlores Rodriguez, Mauro | ||
| 222 | _aPISTAS EDUCATIVAS | ||
| 245 | _aLas teorías de la reproducción y de la resistencia, sus aportes: expectativas para una teoría crítica de la educación y del currículum | ||
| 300 | _a66-81 | ||
| 362 | _a1991 No. 59, may.-jun. | ||
| 904 |
_aAC _b023059 |
||
| 905 | _aArticulo | ||
| 999 |
_c71776 _d71776 |
||